Cities in Disputes #1 - Statistics

General Stats
  • This quiz has been taken 31 times
    22 since last reset
  • The average score is 15 of 20
Answer Stats
City Answer Type Answer % Correct
Pristina Administered by Kosovo
100%
Pristina Claimed by Serbia
100%
Kaesong Administered by D.P.R.Korea
94%
Jammu Administered by India
94%
Jammu Claimed by Pakistan
94%
Kaesong Claimed by R.O.Korea
94%
East Jerusalem Administered by Israel
89%
East Jerusalem Claimed by Palestine
89%
Kaohsiung Claimed by P.R.China
89%
Kaohsiung Administered by R.O.China
89%
Sevastopol Administered by Russia
89%
Sevastopol Claimed by Ukraine
89%
Stanley Administered by United Kingdom
83%
Stanley Claimed by Argentina
67%
Tiraspol Claimed by Moldova
56%
Laayoune Administered by Morocco
56%
Tiraspol Administered by Transnistria
56%
Laayoune Claimed by Western Sahara
50%
Mamoudzou Administered by France
28%
Mamoudzou Claimed by Comoros
22%
No matching quizzes found
Score Distribution
Percent of People with Each Score
Percentile by Number Answered
Your Score History
You have not taken this quiz since the last reset